000 00795nam a2200241 a 4500
003 PILC
005 20150112093426.0
008 100726s19uu xx 00 eng d
020 _a0866120637
050 _aHF 5686.H75
_b.C63 1991
082 _aAcSF 657.837
_bC63 1991
100 _aCote, Raymond
_9821
245 _aUnderstanding hospitality accounting II /
_cRaymond Cote
250 _a2nd ed.
260 _aEast Lansing, Michigan :
_bEducational Institute of the American Hotel and Motel Association,
_c1991.
300 _a403 pages :
_billustration ;
_c29 cm.
500 _aIncludes indexes.
520 _a
650 _aHotel, taverns, etc.
_x Accounting
_9822
650 _aMotels
_xAccounting
_9823
650 _aRestaurant, lunch room, etc.
_xAccounting
_9824
942 _2lcc
_cBK
999 _c14203
_d14203